| 000 | 00639nam a2200217 a 4500 | ||
|---|---|---|---|
| 005 | 20210219153040.0 | ||
| 008 | 991125n 000 0 u | ||
| 035 | _aUPN01000074601 | ||
| 100 | _aKahn, Badrul | ||
| 222 | 0 | _aEDUCATIONAL TECHNOLOGY | |
| 245 | 0 | _aEducational systems design (ESD) : an integrated, disciplined inquiry in schools of education | |
| 300 | _a36-40 | ||
| 362 | _a33, No. 6, 1993 | ||
| 505 | _aNoviembre 1993 | ||
| 653 | 0 | _aDESARROLLO DE SISTEMAS | |
| 653 | 0 | _aENSEĆANZA PROGRAMADA | |
| 653 | 0 | _aINSTITUCIONES EDUCATIVAS | |
| 700 | _aReigeluth, Charles M. | ||
| 904 |
_aAC _b012412 |
||
| 905 | _aArticulo | ||
| 999 |
_c67047 _d67047 |
||